<?xml version="1.0" encoding="UTF-8"?>
<record
    xmlns:xsi="http://www.w3.org/2001/XMLSchema-instance"
    xsi:schemaLocation="http://www.loc.gov/MARC21/slim http://www.loc.gov/standards/marcxml/schema/MARC21slim.xsd"
    xmlns="http://www.loc.gov/MARC21/slim">

  <leader>02512agaaa2200325   4500</leader>
  <controlfield tag="001">0470</controlfield>
  <controlfield tag="003">IT-RoPAU</controlfield>
  <controlfield tag="005">20220918181231.0</controlfield>
  <controlfield tag="007">d cvaizq</controlfield>
  <controlfield tag="008">50131s9999||||xx ||| |     ||   ||und||</controlfield>
  <datafield tag="040" ind1=" " ind2=" ">
    <subfield code="a">IT-RoPAU</subfield>
    <subfield code="c">IT-RoPAU</subfield>
  </datafield>
  <datafield tag="041" ind1=" " ind2=" ">
    <subfield code="a">ITALIANO </subfield>
  </datafield>
  <datafield tag="100" ind1=" " ind2=" ">
    <subfield code="a">Vanzina Stefano (=Steno)</subfield>
    <subfield code="g">Codice regista SPICS: 14505</subfield>
    <subfield code="9">40644</subfield>
  </datafield>
  <datafield tag="130" ind1=" " ind2=" ">
    <subfield code="a">DIO LI FA POI LI ACCOPPIA </subfield>
    <subfield code="9">40645</subfield>
  </datafield>
  <datafield tag="245" ind1=" " ind2=" ">
    <subfield code="a">DIO LI FA POI LI ACCOPPIA </subfield>
    <subfield code="c">Prodotto da: Angeletti Pio De Mic -- Sceneggiatura: Vanzina Enrico Zapponi Bernardino -- Diretto da: Vanzina Stefano (=Steno)</subfield>
    <subfield code="p">DIO LI FA POI LI ACCOPPIA (Rif. Codice opera principale : K0470)</subfield>
  </datafield>
  <datafield tag="250" ind1=" " ind2=" ">
    <subfield code="a">Edizione Standard</subfield>
  </datafield>
  <datafield tag="260" ind1=" " ind2=" ">
    <subfield code="a">(ITALIA)</subfield>
    <subfield code="b">N.d. / Distribuzione: MONDADORI </subfield>
    <subfield code="g">"1982 (1&#xB0; ed.: 2010 ; Ed. Lingua Orig.: 1982)"</subfield>
  </datafield>
  <datafield tag="300" ind1=" " ind2=" ">
    <subfield code="a">DVD</subfield>
    <subfield code="b">sonoro, col.</subfield>
    <subfield code="c">95 minuti</subfield>
  </datafield>
  <datafield tag="508" ind1=" " ind2=" ">
    <subfield code="a">"Fotografia: D'Eva Sandro ; Montaggio: Crociani Raimondo ; Musica: Ferrio Gianni; Sceneggiatura: Vanzina Enrico Zapponi Bernardino ; Soggetto: Vanzina Enrico -- Zapponi Bernardino"</subfield>
  </datafield>
  <datafield tag="511" ind1=" " ind2=" ">
    <subfield code="a">"Dorelli Johnny; Banfi Lino; Suma Marina; Calandra Giuliana; Caracciolo Francesco; "</subfield>
  </datafield>
  <datafield tag="520" ind1=" " ind2=" ">
    <subfield code="a">"DON CELESTE, PRETE DI UN PAESE DELL'ITALIA CENTRALE, VIENE VIOLENTATO DA UNA RAGAZZA TRAVESTITA DA DIAVOLO IN OCCASIONE DEL CARNEVALE. LA RAGAZZA RIMANE INCINTA E PER EVITARE L'ABORTO, DON CELESTE DIVENTERA' UN PARROCO-PAPA', MENTRE LEI INCONTRERA' UN BRAVO RAGAZZO. UNA GRANDE INDAGINE CINEMATOGRAFICA SUI TESTI SACRI CHE SONO ALLA BASE DELLA FEDE CRISTIANA. UNA PRODUZIONE IN 5 PUNTATE DI 40 MINUTI CIASCUNA. IL VANGELO QUADRIFORME E' UNA INTRODUZIONE STORICO-TEOLOGICA ALL'INTERO COMPLESSO DEI VANGELI CANONICI E APOCRIFI E INDAGA L'ORIGINE DEL RACCONTO DEI FATTI ATTORNO ALLA FIGURA DI GESU' IN UN PRIMO MOMENTO TRASMESSI ORALMENTE, POI DIVENTATI PAROLA SCRITTA. GLI ALTRI 4 DOCUMENTARI SONO DEDICATI OGNUNO ALL'APPROFONDIMENTO DI UN VANGELO CANONICO. DISCO 1: VANGELO QUADRIFORME; VANGELO DI MARCO; VANGELO DI MATTEO. DISCO 2: VANGELO DI LUCA; VANGELO DI GIOVANNI; EXTRA, GALLERIA FOTOGRAFICA. "</subfield>
  </datafield>
  <datafield tag="538" ind1=" " ind2=" ">
    <subfield code="a">PAL, STEREO</subfield>
  </datafield>
  <datafield tag="546" ind1=" " ind2=" ">
    <subfield code="a">ITALIANO </subfield>
  </datafield>
  <datafield tag="650" ind1=" " ind2=" ">
    <subfield code="a">COMMEDIA </subfield>
    <subfield code="e">DVD-FILM [DVD]</subfield>
    <subfield code="x">Codice MATERIA SPICS: 9947</subfield>
    <subfield code="9">36668</subfield>
  </datafield>
  <datafield tag="700" ind1=" " ind2=" ">
    <subfield code="a">Ferrio Gianni</subfield>
    <subfield code="e">(musica)</subfield>
    <subfield code="g">Codice Musica SPICS: 38648</subfield>
    <subfield code="9">40646</subfield>
  </datafield>
  <datafield tag="700" ind1=" " ind2=" ">
    <subfield code="a">Vanzina Enrico </subfield>
    <subfield code="e">(soggetto)</subfield>
    <subfield code="g">Codice Soggetto SPICS: 60186</subfield>
    <subfield code="9">40647</subfield>
  </datafield>
  <datafield tag="700" ind1=" " ind2=" ">
    <subfield code="a">Vanzina Stefano (=Steno) </subfield>
    <subfield code="e">(regista)</subfield>
    <subfield code="g">Codice regista SPICS: 14505</subfield>
    <subfield code="9">40648</subfield>
  </datafield>
  <datafield tag="700" ind1=" " ind2=" ">
    <subfield code="a">Zapponi Bernardino </subfield>
    <subfield code="e">(soggetto)</subfield>
    <subfield code="g">Codice Soggetto 2&#xB0; SPICS: 3374</subfield>
    <subfield code="9">40649</subfield>
  </datafield>
  <datafield tag="942" ind1=" " ind2=" ">
    <subfield code="c">DV</subfield>
    <subfield code="2">ddc</subfield>
  </datafield>
  <datafield tag="999" ind1=" " ind2=" ">
    <subfield code="c">105303</subfield>
    <subfield code="d">105303</subfield>
  </datafield>
  <datafield tag="952" ind1=" " ind2=" ">
    <subfield code="0">0</subfield>
    <subfield code="1">0</subfield>
    <subfield code="4">0</subfield>
    <subfield code="6">K_0470_000000000000000</subfield>
    <subfield code="7">1</subfield>
    <subfield code="a">SPICS</subfield>
    <subfield code="b">SPICS</subfield>
    <subfield code="d">2015-01-31</subfield>
    <subfield code="l">0</subfield>
    <subfield code="o">K0470</subfield>
    <subfield code="r">2015-01-31 00:00:00</subfield>
    <subfield code="w">2015-01-31</subfield>
    <subfield code="y">DV</subfield>
    <subfield code="z">Progr. Ins.: 3950 / N.Vol.:1 / Copie: 1 / Pag.:0 / Copia rara: n.d. / date import: 1.2.2015 / By Epidotti, Trombetti, Vaglietti</subfield>
  </datafield>
</record>
